ბათუმის შოთა რუსთაველის სახელმწიფო უნივერსიტეტის ბიბლიოთეკა

აჭარა : წარსული და თანამედროვეობა : (ბიბ.ჩანაწერი № 58505)

000 -ლიდერი
ფიქსირებული სიგრძის საკონტროლო ველი 01576nam a22002537a 4500
003 - საკონტროლო ნომრის იდენტიფიკატორი
საკონტროლო ველი Ge_BSU
005 - ბოლო ოპერაციის თარიღი და დრო
საკონტროლო ველი 20220510113632.0
008 - ფიქსირებული სიგრძის მონაცემთა ელემენტები - ზოგადი ინფორმაცია
ფიქსირებული სიგრძის საკონტროლო ველი 220510s2015 ge ||||| |||| 00| 0 geo d
020 ## - წიგნის საერთაშორისო სტანდარტული ნომერი
International Standard Book Number 9789941077401
041 ## - ენის კოდი
Language code of text/sound track or separate title geo
080 ## - უნივერსალური ათობითი კლასიფიკაციის ინდექსი
Universal Decimal Classification number 902(479.223) ა–95
245 ## - ცნობა სათაურის შესახებ
Title აჭარა : წარსული და თანამედროვეობა :
Remainder of title კრებული II /
Statement of responsibility, etc რედ. ამირან კახიძე ; სარედ. კოლეგია : გ. თავამაიშვილი, შ. მამულაძე, მ. ფაღავა, ნ. მგელაძე და სხვ.; აჭარის არ განათლების კულტურის და სპორტის სამინისტრო. აჭარის კულტურული მემკვიდრეობის დაცვის სააგენტო.
264 ## - წარმოების, გამოცემის, დისტრიბუციის და სხვა ცნობები
გამოცემის, წარმოების, დისტრიბუციის... ადგილი ბათუმი,
გამოცემის, წარმოების, დისტრიბუციის... თარიღი 2015.
300 ## - ფიზიკური აღწერა
Extent 313 გვ.:
Other physical details ილ.;
Dimensions 30 სმ.
504 ## - BIBLIOGRAPHY, ETC. NOTE
Bibliography, etc ბიბლიოგრ. გვ. 311
520 ## - SUMMARY, ETC.
Summary, etc რეზიუმე გვ.312-313
653 ## - INDEX TERM--UNCONTROLLED
Uncontrolled term არქეოლოგია
653 ## - INDEX TERM--UNCONTROLLED
Uncontrolled term აჭარა
653 ## - INDEX TERM--UNCONTROLLED
Uncontrolled term წარსული და თანამედროვეობა
700 ## - ADDED ENTRY--PERSONAL NAME
Personal name კახიძე, ამირან
Relator term რედაქტორი
9 (RLIN) 13711
700 ## - ADDED ENTRY--PERSONAL NAME
Personal name თავამაიშვილი, გ.
Relator term რედაქტორი
9 (RLIN) 6748
700 ## - ADDED ENTRY--PERSONAL NAME
Personal name მამულაძე, შ. და სხვ.
Relator term რედაქტორი
9 (RLIN) 13712
942 ## - ADDED ENTRY ELEMENTS (KOHA)
Source of classification or shelving scheme
Koha item type წიგნი
ეგზემპლარები
ჩამოწერის სტატუსი დაკარგული ეგზემპლარის სტატუსი კლასიფიკაციის წყარო ან თაროზე გაწყობის სქემა დაზიანების სტატუსი არ გაიცემა მუდმივი მდებარეობა (დაცვის ადგილი) ამჟამინდელი ადგილსამყოფელი თაროზე განთავსების ადგილი შეძენის თარიღი ღირებულება, შესყიდვის ნორმალური ფასი სრული შენახვის შიფრი შტრიხკოდი ბოლო ოპერაციის თარიღი ეგზემპლარის მიმდევრობითი ნომერი (კეტერი?) ფასის ძალაში შესვლის თარიღი ეგზემპლარის სახეობა საჯარო შენიშვნა Uniform Resource Identifier
          ბათუმის შოთა რუსთაველის სახელმწიფო უნივერსიტეტის მთავარი ბიბლიოთეკა ბათუმის შოთა რუსთაველის სახელმწიფო უნივერსიტეტის მთავარი ბიბლიოთეკა წიგნსაცავი 2022-05-10 25.00 902(479.223) ა–95 62343 2022-05-10 62343 2022-05-10 წიგნი 25 ლ.  
          ბათუმის შოთა რუსთაველის სახელმწიფო უნივერსიტეტის მთავარი ბიბლიოთეკა ბათუმის შოთა რუსთაველის სახელმწიფო უნივერსიტეტის მთავარი ბიბლიოთეკა წიგნსაცავი 2025-01-28 25.00 902(479.223) ა–95 70477 2025-01-28 70477 2025-01-28 წიგნი 25.00 ნაჩუქარი